Villes candidates aux jeux olympiques d'été - Statistiques

Statistiques générales
  • Ce quiz a été pris 527 fois
    60 depuis la dernière actualisation
  • Le résultat moyen est 105 sur 155
Statistiques - réponses
Année Statut Ville % Correct
1900 Accepté Paris
98%
1924 Accepté Paris
98%
1972 Refusé Paris
98%
1992 Refusé Paris
98%
2008 Refusé Paris
98%
2012 Refusé Paris
98%
2024 Accepté Paris
98%
1908 Accepté Londres
94%
1944 Accepté (jeux non célébrés) Londres
94%
1948 Accepté Londres
94%
2012 Accepté Londres
94%
1940 Accepté (jeux non célébrés) Tokyo
94%
1960 Refusé Tokyo
94%
1964 Accepté Tokyo
94%
2016 Refusé Tokyo
94%
2020 Accepté Tokyo
94%
1896 Accepté Athènes
92%
1944 Refusé Athènes
92%
1948 Refusé Athènes
92%
1988 Refusé Athènes
92%
1996 Refusé Athènes
92%
2004 Accepté Athènes
92%
1936 Refusé Barcelone
90%
1992 Accepté Barcelone
90%
2000 Refusé Pékin
90%
2008 Accepté Pékin
90%
1924 Refusé Los Angeles
88%
1932 Accepté Los Angeles
88%
1948 Refusé Los Angeles
88%
1952 Refusé Los Angeles
88%
1956 Refusé Los Angeles
88%
1976 Refusé Los Angeles
88%
1980 Refusé Los Angeles
88%
1984 Accepté Los Angeles
88%
2024 Refusé Los Angeles
88%
2028 Accepté Los Angeles
88%
1908 Refusé Rome
88%
1924 Refusé Rome
88%
1936 Refusé Rome
88%
1940 Refusé Rome
88%
1944 Refusé Rome
88%
1960 Accepté Rome
88%
2004 Refusé Rome
88%
2024 Refusé Rome
88%
1972 Refusé Madrid
86%
2012 Refusé Madrid
86%
2016 Refusé Madrid
86%
2020 Refusé Madrid
86%
1908 Refusé Berlin
84%
1912 Refusé Berlin
84%
1916 Accepté (jeux non célébrés) Berlin
84%
1936 Accepté Berlin
84%
2000 Refusé Berlin
84%
1976 Refusé Moscou
84%
1980 Accepté Moscou
84%
2012 Refusé Moscou
84%
1972 Accepté Munich
82%
2004 Refusé Rio de Janeiro
82%
2016 Accepté Rio de Janeiro
82%
2000 Accepté Sydney
82%
1956 Refusé Mexico
80%
1960 Refusé Mexico
80%
1968 Accepté Mexico
80%
1912 Accepté Stockholm
78%
2004 Refusé Stockholm
78%
1920 Refusé Lyon
76%
2000 Refusé Milan
76%
1924 Refusé Oslo
76%
1936 Refusé Helsinki
73%
1940 Refusé Helsinki
73%
1944 Refusé Helsinki
73%
1952 Accepté Helsinki
73%
2012 Refusé New York
73%
1964 Refusé Vienne
73%
1968 Refusé Vienne
73%
1972 Refusé Vienne
73%
1960 Refusé Bruxelles
71%
1964 Refusé Bruxelles
71%
1936 Refusé Buenos Aires
71%
1956 Refusé Buenos Aires
71%
1968 Refusé Buenos Aires
71%
2004 Refusé Buenos Aires
71%
1924 Refusé Amsterdam
69%
1928 Accepté Amsterdam
69%
1952 Refusé Amsterdam
69%
1992 Refusé Amsterdam
69%
2000 Refusé Istanbul
69%
2004 Refusé Istanbul
69%
2008 Refusé Istanbul
69%
2020 Refusé Istanbul
69%
2004 Refusé Saint-Pétersbourg
69%
1956 Accepté Melbourne
67%
1988 Refusé Melbourne
67%
1996 Refusé Melbourne
67%
1972 Refusé Montréal
67%
1976 Accepté Montréal
67%
1996 Accepté Atlanta
65%
1956 Refusé San Francisco
65%
1988 Accepté Séoul
65%
1916 Refusé Budapest
63%
1936 Refusé Budapest
63%
1944 Refusé Budapest
63%
1960 Refusé Budapest
63%
2024 Refusé Budapest
63%
1904 Refusé Chicago
61%
1952 Refusé Chicago
61%
1956 Refusé Chicago
61%
2016 Refusé Chicago
61%
2024 Refusé Hambourg
61%
1920 Accepté Anvers
59%
1996 Refusé Toronto
57%
2008 Refusé Toronto
57%
2000 Refusé Brasilia
55%
1936 Refusé Dublin
55%
1936 Refusé Francfort-sur-le-Main
55%
1996 Refusé Manchester
55%
2000 Refusé Manchester
55%
1924 Refusé Prague
55%
2004 Refusé Le Cap
53%
1992 Refusé Belgrade
51%
1996 Refusé Belgrade
51%
1992 Refusé New Delhi
51%
1948 Refusé Philadelphie
51%
1952 Refusé Philadelphie
51%
1956 Refusé Philadelphie
51%
1992 Refusé Brisbane
49%
2032 Accepté Brisbane
49%
2008 Refusé Osaka
49%
1904 Accepté Saint-Louis
47%
2004 Refusé Séville
47%
2004 Refusé Lille
45%
1936 Refusé Cologne
39%
1992 Refusé Birmingham
29%
1916 Refusé Alexandrie
27%
1936 Refusé Alexandrie
27%
1944 Refusé Détroit
24%
1952 Refusé Détroit
24%
1956 Refusé Détroit
24%
1960 Refusé Détroit
24%
1964 Refusé Détroit
24%
1968 Refusé Détroit
24%
1972 Refusé Détroit
24%
1988 Refusé Nagoya
24%
1936 Refusé Lausanne
22%
1944 Refusé Lausanne
22%
1948 Refusé Lausanne
22%
1952 Refusé Lausanne
22%
1960 Refusé Lausanne
22%
1936 Refusé Nuremberg
22%
1976 Refusé Florence
18%
1948 Refusé Minneapolis
18%
1952 Refusé Minneapolis
18%
1956 Refusé Minneapolis
18%
1948 Refusé Baltimore
14%
2004 Refusé San Juan
10%
Aucun quiz correspondant
Distribution des résultats
% des personnes avec chaque résultat
Percentile par nombre de réponses
Votre historique - résultats
Vous n’avez pas pris ce quiz depuis la dernière actualisation